=LDR 00000nam 2200000 4500 =001 INLIS000000000000483 =005 20150317093222.0 =006 =007 =008 Ind =035 ##$$0010-061300000000483 =041 ##$$a Ind =082 ##$$a 790.192 2 =090 ##$$a 790.192 2 Mon k =100 ##$$a Montolalu W =245 ##$$a Bermain dengan alat, Kumpulan permainan anak / Montolalu W =260 ##$$a Jakarta $b Gramedia $c 1991 =300 ##$$a vi, 42 hlm. : ilus. ; 18 cm =650 ##$$a Permainan anak =850 ##$$a NBPNMAT